000 00523nam a2200205Ia 4500
003 OSt
005 20221002055042.0
006 a|||||r|||| 00| 0
007 ta
008 220930b |||||||| |||| 00| 0 eng d
024 _a71685
037 _cReference Collections
040 _aCRL
_cCRL
_beng
041 _2eng
_aeng
082 _aRm3,M871, G4(RR)
245 0 _aModern tendencies in philosophy
260 _c1931
942 _hRm3,M871, G4(RR)
_cref
_2CC
999 _c926616
_d926616